000 00795nam a22003017a 4500
001 BR3600006
003 BR-BrBNA
005 20230928082855.0
007 ta
008 230509b bl.||||| |||| 00| 0 por d
040 _aBR-BrBNA
_bpor
_cBiblioteca Nacional de Agricultura
041 _a(Por)
072 _aF00
_b1060
_b1030
_b/G514
090 _ 1060 BR3600006
100 1 _aLobbe, H.
245 1 _aFormacao do pomar [Citrus; Laranja; Limao; Brasil]
250 1 _a3. ed.
260 3 _aRio de Janeiro, GB (Brasil):
_bA. Coelho Branco Filho,
_c1936.
300 _a83 p.
500 _a32 illus.
650 _aLARANJA
650 _aLIMAO
650 _aFRUTA CITRICA
650 _aCITRICULTURA
650 _aPRATICA CULTURAL
909 _a202309
_bLucia
_c55
_dLucia Elande
942 _cBK
999 _c10379
_d10379